000
00279nam a2200109Ia 4500
008
190216s9999||||xx |||||||||||||| ||und||
100
_a
Barnard. Ak
245
0
_a
Theoratical Basis Of Inorganic Chemistry
260
_b
Tata Mcgrawhill Publishers
650
_a
Chemistry
942
_c
BK
999
_c
2015
_d
2015